000 00712nam a2200289Ia 4500
005 20260324145352.0
008 008 260324s9999 xx 000 0 eng d
020 _a9780429269721
037 _aEBOOK
040 _aCRL
040 _beng
040 _cCRL
041 _2eng
041 _aeng
084 _qCRL
100 _aJoseph J Molnar
_91222716
245 0 _aTransferring Food Production Technology To Developing Nations
245 0 _bEconomic And Social Dimensions
260 _bTaylor and Francis
260 _c1983
365 _a
365 _b230
856 _uhttp://www.taylorfrancis.com/books/9780429269721
942 _cEBOOK
999 _c1830529
_d1830529